000
00288nam a22001217a 4500
999
_c
534130
_d
534130
040
_c
dlc
082
_a
891.4394
100
_a
Col. Ashfaq Hussain
_9
28274
245
_a
Gentleman - Allah Allah
260
_a
Lahore
_b
Idara e Matboaat Sulemani
_c
c2008
300
_a
223;p
942
_2
ddc
_c
BK